<?xml version="1.0" encoding="UTF-8"?>
<record
    xmlns:xsi="http://www.w3.org/2001/XMLSchema-instance"
    xsi:schemaLocation="http://www.loc.gov/MARC21/slim http://www.loc.gov/standards/marcxml/schema/MARC21slim.xsd"
    xmlns="http://www.loc.gov/MARC21/slim">

  <leader>02654nam a2200373 i 4500</leader>
  <controlfield tag="001">000016263</controlfield>
  <controlfield tag="003">DO-SdBNP</controlfield>
  <controlfield tag="005">20251120073732.0</controlfield>
  <controlfield tag="007">ta</controlfield>
  <controlfield tag="008">100302s1979    dr            000 0 spa d</controlfield>
  <datafield tag="040" ind1=" " ind2=" ">
    <subfield code="a">DO-SdBNP</subfield>
    <subfield code="b">spa</subfield>
    <subfield code="c">BNPHU</subfield>
    <subfield code="e">rda</subfield>
  </datafield>
  <datafield tag="049" ind1=" " ind2=" ">
    <subfield code="a"> </subfield>
  </datafield>
  <datafield tag="082" ind1=" " ind2="4">
    <subfield code="a">305.23081</subfield>
    <subfield code="b">S471n</subfield>
    <subfield code="2">22</subfield>
  </datafield>
  <datafield tag="111" ind1="2" ind2=" ">
    <subfield code="a">Seminario Nacional Sobre la Ni&#xF1;ez en la Rep&#xFA;blica Dominicana </subfield>
    <subfield code="n">(1 :</subfield>
    <subfield code="d">1976 : mar. 18-20 :</subfield>
    <subfield code="c">Santo Domingo )</subfield>
    <subfield code="9">36325</subfield>
  </datafield>
  <datafield tag="245" ind1="1" ind2="3">
    <subfield code="a">La ni&#xF1;ez dominicana :</subfield>
    <subfield code="b">trabajos del Primer Seminario Nacional Sobre la Ni&#xF1;ez en la Rep&#xFA;blica Dominicana celebrado en la Universidad Cat&#xF3;lica Madre y Maestra del 18 al 20 de Marzo de 1976.</subfield>
    <subfield code="c">presentaci&#xF3;n, Danilo de los Santos.</subfield>
  </datafield>
  <datafield tag="264" ind1=" " ind2=" ">
    <subfield code="a">Santo Domingo :</subfield>
    <subfield code="b">Universidad Cat&#xF3;lica Madre y Maestra,</subfield>
    <subfield code="c">1979.</subfield>
  </datafield>
  <datafield tag="300" ind1=" " ind2=" ">
    <subfield code="a">389 p&#xE1;ginas ;</subfield>
    <subfield code="c">23 cm.</subfield>
  </datafield>
  <datafield tag="336" ind1=" " ind2=" ">
    <subfield code="2">rdacontent</subfield>
    <subfield code="a">texto</subfield>
    <subfield code="b">txt</subfield>
  </datafield>
  <datafield tag="337" ind1=" " ind2=" ">
    <subfield code="2">rdamedia</subfield>
    <subfield code="a">sin mediaci&#xF3;n</subfield>
    <subfield code="b">n</subfield>
  </datafield>
  <datafield tag="338" ind1=" " ind2=" ">
    <subfield code="2">rdacarrier</subfield>
    <subfield code="a">volumen</subfield>
    <subfield code="b">nc</subfield>
  </datafield>
  <datafield tag="490" ind1=" " ind2=" ">
    <subfield code="a">Estudios</subfield>
  </datafield>
  <datafield tag="500" ind1=" " ind2=" ">
    <subfield code="a">Incluye referencias bibliogr&#xE1;ficas y notas al pie de las p&#xE1;ginas</subfield>
  </datafield>
  <datafield tag="504" ind1=" " ind2=" ">
    <subfield code="a">Incluye bibliograf&#xED;as</subfield>
  </datafield>
  <datafield tag="505" ind1=" " ind2=" ">
    <subfield code="a">Introducci&#xF3;n -- Palabras de apertura del Primer Seminario sobre la Ni&#xF1;ez en la Rep&#xFA;blica Dominicana / Mons. Agripino N&#xFA;&#xF1;ez Collado -- Aspectos psicol&#xF3;gicos, biol&#xF3;gicos y educativos de la ni&#xF1;ez /Josefina Padilla S&#xE1;nchez , Mechy Hern&#xE1;ndez, Norma Valdez, Pura S&#xE1;nchez -- Las necesidades y reacciones de la ni&#xF1;ez intermedia desde el punto de vista psicol&#xF3;gicos pedag&#xF3;gicos / Grisel del Rosario -- 2da. Infancia (A partir de los 4 a&#xF1;os hasta la adolescencia) / Nicol&#xE1;s Oviedo -- El cuidado de los ni&#xF1;os en laRep&#xFA;blica Dominicana / Rafael Acevedo P&#xE9;rez -- Aspectos te&#xF3;rico de la salud y la ni&#xF1;ez / Robinson Abreu -- Poblaci&#xF3;n menor de quince a&#xF1;os y mortalidad infantil en la Rep&#xFA;blica Dominicana / Francisco A. Moya -- El aspecto de la salud en la Republica Dominicana / Mejico Angeles -- Reflexiones sobre las modalidades familiares en Rep&#xFA;blica Dominicana / Dr. Martha Olga Garc&#xED;a -- Recursos educativos dedicados a la ni&#xF1;ez dominicana /Amarilis P&#xE9;rez de Zapata, Pedro C. Pichardo.</subfield>
  </datafield>
  <datafield tag="590" ind1=" " ind2=" ">
    <subfield code="a">Inventariado,2020/VM</subfield>
  </datafield>
  <datafield tag="650" ind1=" " ind2="4">
    <subfield code="a">Ni&#xF1;os </subfield>
    <subfield code="9">77226</subfield>
    <subfield code="z">Rep&#xFA;blica Dominicana</subfield>
  </datafield>
  <datafield tag="650" ind1=" " ind2="4">
    <subfield code="a">Educaci&#xF3;n de ni&#xF1;os</subfield>
    <subfield code="9">77227</subfield>
    <subfield code="v">Congresos, conferencias, etc..</subfield>
    <subfield code="x"> </subfield>
    <subfield code="z">Rep&#xFA;blica Dominicana</subfield>
  </datafield>
  <datafield tag="650" ind1=" " ind2="4">
    <subfield code="a">Ni&#xF1;os</subfield>
    <subfield code="9">77228</subfield>
    <subfield code="x">Cuidado e higiene</subfield>
    <subfield code="v">Congresos, conferencias, etc..</subfield>
    <subfield code="z">Rep&#xFA;blica Dominicana</subfield>
  </datafield>
  <datafield tag="650" ind1=" " ind2="4">
    <subfield code="a">Derechos del ni&#xF1;o</subfield>
    <subfield code="9">77229</subfield>
    <subfield code="v">Congresos, conferencias, etc..</subfield>
    <subfield code="x"> </subfield>
    <subfield code="z">Rep&#xFA;blica Dominicana</subfield>
  </datafield>
  <datafield tag="700" ind1="1" ind2=" ">
    <subfield code="a">Santos, Danilo de los,</subfield>
    <subfield code="d">1943-2018</subfield>
    <subfield code="9">10278</subfield>
  </datafield>
  <datafield tag="710" ind1="2" ind2=" ">
    <subfield code="a">Pontificia  Universidad Cat&#xF3;lica Madre y Maestra </subfield>
    <subfield code="9">843</subfield>
  </datafield>
  <datafield tag="910" ind1=" " ind2=" ">
    <subfield code="a">VMateo</subfield>
  </datafield>
  <datafield tag="942" ind1=" " ind2=" ">
    <subfield code="2">ddc</subfield>
    <subfield code="c">LBS1</subfield>
  </datafield>
  <datafield tag="952" ind1=" " ind2=" ">
    <subfield code="0">0</subfield>
    <subfield code="1">0</subfield>
    <subfield code="2">ddc</subfield>
    <subfield code="5">6</subfield>
    <subfield code="7">0</subfield>
    <subfield code="8">DS</subfield>
    <subfield code="a">BNPHU</subfield>
    <subfield code="b">BNPHU</subfield>
    <subfield code="c">HD</subfield>
    <subfield code="d">2019-08-14</subfield>
    <subfield code="e">Donaci&#xF3;n</subfield>
    <subfield code="i"> </subfield>
    <subfield code="l">0</subfield>
    <subfield code="o">BNPHU DS 305.23081</subfield>
    <subfield code="p">16263-30</subfield>
    <subfield code="r">2020-06-25</subfield>
    <subfield code="t">e.3</subfield>
    <subfield code="w">2020-06-25</subfield>
    <subfield code="y">LBS1</subfield>
    <subfield code="z">Perteneci&#xF3; a la biblioteca personal de la familia Reyes Duluc </subfield>
  </datafield>
  <datafield tag="952" ind1=" " ind2=" ">
    <subfield code="0">0</subfield>
    <subfield code="1">0</subfield>
    <subfield code="2">ddc</subfield>
    <subfield code="5">1</subfield>
    <subfield code="7">0</subfield>
    <subfield code="8">PD</subfield>
    <subfield code="a">BNPHU</subfield>
    <subfield code="b">BNPHU</subfield>
    <subfield code="d">2010-03-02</subfield>
    <subfield code="i"> </subfield>
    <subfield code="l">0</subfield>
    <subfield code="o">BNPHU PD 305.23081</subfield>
    <subfield code="p">16263-10</subfield>
    <subfield code="r">2020-06-25</subfield>
    <subfield code="w">2020-06-25</subfield>
    <subfield code="y">LBS1</subfield>
  </datafield>
  <datafield tag="952" ind1=" " ind2=" ">
    <subfield code="0">0</subfield>
    <subfield code="1">0</subfield>
    <subfield code="2">ddc</subfield>
    <subfield code="5">1</subfield>
    <subfield code="7">0</subfield>
    <subfield code="8">PD</subfield>
    <subfield code="a">BNPHU</subfield>
    <subfield code="b">BNPHU</subfield>
    <subfield code="d">2010-04-20</subfield>
    <subfield code="i"> </subfield>
    <subfield code="l">0</subfield>
    <subfield code="o">BNPHU PD 305.23081</subfield>
    <subfield code="p">16263-20</subfield>
    <subfield code="r">2020-06-25</subfield>
    <subfield code="t">e. 2</subfield>
    <subfield code="w">2020-06-25</subfield>
    <subfield code="y">LBS1</subfield>
  </datafield>
  <datafield tag="952" ind1=" " ind2=" ">
    <subfield code="0">0</subfield>
    <subfield code="1">0</subfield>
    <subfield code="2">ddc</subfield>
    <subfield code="5">6</subfield>
    <subfield code="7">0</subfield>
    <subfield code="8">DS</subfield>
    <subfield code="a">BNPHU</subfield>
    <subfield code="b">BNPHU</subfield>
    <subfield code="c">CT</subfield>
    <subfield code="d">2023-09-26</subfield>
    <subfield code="e">Donaci&#xF3;n</subfield>
    <subfield code="l">0</subfield>
    <subfield code="o">BNPHU DS 305.23081 S471n</subfield>
    <subfield code="p">2023-6408</subfield>
    <subfield code="r">2023-09-26</subfield>
    <subfield code="t">e.4</subfield>
    <subfield code="w">2023-09-26</subfield>
    <subfield code="y">LBS1</subfield>
    <subfield code="z">Perteneci&#xF3; a la biblioteca personal de B&#xE1;rbara Suncar.</subfield>
  </datafield>
  <datafield tag="999" ind1=" " ind2=" ">
    <subfield code="c">15800</subfield>
    <subfield code="d">15800</subfield>
  </datafield>
</record>
